000 003540000a22001450004500
020 _a84-8280-448-0
041 0 _aSPA
082 0 4 _aG 863 A674m
100 1 _aArciniegas, Germán (1900-)
245 1 0 _aEn medio del camino de la vida / Germán Arciniegas
260 _aBogotá, Colombia : Oveja Negra
300 _a161 Pag
001 11015
942 _cBK
999 _c40388
_d40388